Mating season and colony foundation of the seed-harvester ant, veromessor pergandei (Registro nro. 13832)

Detalles MARC
000 -CABECERA
Campo de control 003600000a22001210004500
090 ## - CLASIFICACIÓN LOCAL
Colección AR
Consecutivo 04732
041 0# - IDIOMA
Código de idioma para texto/pista de sonido o título separado
100 1# - ASIENTO PRINCIPAL--NOMBRE PERSONAL
Nombre personal Pollock, Gregory B.
245 10 - MENCION DE TITULO
Título Mating season and colony foundation of the seed-harvester ant, veromessor pergandei
700 1# - ASIENTO SECUNDARIO - NOMBRE PERSONAL
Nombre personal Rissing, Steven W.
773 1# - Item fuente:
Título Psyche
Descripción física 1
Paginas del Articulo 125-134
Lugar, editorial y fecha de publicación 1985
Información sobre la relación 92
942 ## - ELEMENTOS ADICIONALES (KOHA)
Tipo de ítem Artículo
Existencias
Withdrawn status Lost status Damaged status No para préstamo Colección Ubicación Permanente Ubicación actual Fecha de adquisición Fuente de Valor Datos de publicación Seriada Total Checkouts Número topográfico Inventario / Código de Barras Date last seen Ejemplar Price effective from Forma de adquisición Tipo de material
      No para Préstamo Hemeroteca Bogotá Bogotá 11/05/2010 Escobar Sarria, Federico Fuera de circulación   AR 04732 028097 25/03/2015 1 25/03/2015   Artículo